<?xml version="1.0" encoding="UTF-8"?>
<collection xmlns="http://www.loc.gov/MARC21/slim">
  <record>
    <leader>00000nam  2200000   4500</leader>
    <controlfield tag="001">INLIS000000000061650</controlfield>
    <controlfield tag="005">20221103080403</controlfield>
    <datafield tag="035" ind1="#" ind2="#">
      <subfield code="a">0010-1122000031</subfield>
    </datafield>
    <controlfield tag="007">ta</controlfield>
    <controlfield tag="008">221103###########################0######</controlfield>
    <datafield tag="020" ind1="#" ind2="#">
      <subfield code="a">978-623-7865-98-8</subfield>
    </datafield>
    <datafield tag="082" ind1="#" ind2="#">
      <subfield code="a">378. 19</subfield>
    </datafield>
    <datafield tag="084" ind1="#" ind2="#">
      <subfield code="a">378. 19 ABD b</subfield>
    </datafield>
    <datafield tag="100" ind1=" " ind2="#">
      <subfield code="a">Abdul Salam</subfield>
    </datafield>
    <datafield tag="245" ind1="1" ind2="#">
      <subfield code="a">Booklet pendampingan Kegiatan pengabdian kepada masyarakat berbasis riset :</subfield>
      <subfield code="b">Pemberdayaan masyarakat dengan edukasi dan pendampingan untuk mewujudkan keluarga mandiri sadar gizi (KADARZI) di kelurahan dasan cermen /</subfield>
      <subfield code="c">Abdul Salam, Luh Suranadi, Ni Ketut Sulendri, Ayunda Firmani Wahyusa</subfield>
    </datafield>
    <datafield tag="260" ind1="#" ind2="#">
      <subfield code="a">Mataram :</subfield>
      <subfield code="b">Poltekes Kemenkes Mataram,</subfield>
      <subfield code="c">2021</subfield>
    </datafield>
    <datafield tag="300" ind1="#" ind2="#">
      <subfield code="a">35 halaman :</subfield>
      <subfield code="b">Ilustrasi ;</subfield>
      <subfield code="c">20 cm</subfield>
    </datafield>
    <datafield tag="650" ind1="#" ind2="4">
      <subfield code="a">Kuliah Kerja Nyata - Buku Panduan</subfield>
    </datafield>
    <datafield tag="990" ind1="#" ind2="#">
      <subfield code="a">26492649</subfield>
    </datafield>
    <datafield tag="990" ind1="#" ind2="#">
      <subfield code="a">562/51/2022</subfield>
    </datafield>
  </record>
</collection>
